01010cam a2200277 a 450000100100000000500170001000800410002703500190006803500270008704000250011408200200013910000320015924501220019126000480031330000350036149000100039650400350040665000260044165000280046770000390049583000170053491000340055104900090058595201230059499900150071700000825020200929161323.0941125s1988 cu a b 001 e spa d a(DLC) 91191421 a(CStRLIN)NJPG92-B50352 aDO-SdBNPcNjPdBNPHU aCu864.44bC267e1 aCardi, Juan Ángel.92237110aEso que llaman "civilización" :bensayo de ensayo historihumorístico /cJuan Ángel Cardi ; Miriám Martínez. aLa Habana, (Cuba) :bLetras Cubanas,c1988. a434, [435] p. :bil. ;c19 cm.1 aSaeta aBibliogrAfías: p. 429-[435]. 4aEnsayos cubanos95691 4aLiteratura cubana914831 aMartínez, Miriám ;eed.922372 0aSaeta922373 aCatalogación por copia / LC aBNGR 001052708MOaGRbGRcCTd2009-09-15iLF1l0oCu864.44 C267ep8250-10r2020-06-25w2020-06-25y2ZPréstamo interno c8021d8021